00799nam a2200229Ia 450000500170000000800410001702000140005804000190007204100120009108200150010310000230011824501260014126000260026730000150029344000450030850400500035363000470040365000330045065100410048370000350052485000100055920250528144101.0131103s9999 xx 000 0 und d a582065585 aLoreto College aEnglish a820.9bKIR aKirkpatrick, Robin aEnglish and Italian literature from Dante to Shakespeareb a study of source, analogue and divergence cRobin Kirkpatrick aLondonbLongmanc1995 aix,328 p.  aLongman medieval and renaissance library aIncludes bibliographical references and index aComparative Literature - English - Italian aEnglish Literature - History a16th Century - History and Criticism aBrrewer, Clarlotte, series ed. aLCBED